Mathematical physics

Bewaard in:
Bibliografische gegevens
Hoofdauteur: Menzel, Donald H. (autor)
Formaat: Boek
Taal:Engels
Gepubliceerd in: Nueva York Dover 1961
Reeks:Dover Books on Physics and Chemistry
Onderwerpen:
Tags: Voeg label toe
Geen labels, Wees de eerste die dit record labelt!

MARC

LEADER 00000cam a2200000 a 4500
001 UCX5783
003 CL-VaPUC
008 930119e19610000US |||||||||||||||||eng|d
082 0 4 |a 530.15  |b MEN  |2 21 
100 |a Menzel, Donald H.  |e autor  |9 322159 
245 1 0 |a Mathematical physics 
300 |a 412 p 
942 |c BK 
945 |d 19930119 00:00:00 
260 |a Nueva York  |b Dover  |c 1961 
650 0 |a Física matemática   |9 260981 
583 |a last modification  |c 20121115 11:38:02  |k Rodrigo Vera 
490 0 |a Dover Books on Physics and Chemistry 
999 |c 225962  |d 225960 
952 |0 0  |1 0  |4 0  |6 530_150000000000000_MEN_1961  |7 0  |8 A  |9 223946  |a BIBCUR  |b BIBCUR  |d 2019-11-15  |i 4543580  |o 530.15 MEN 1961  |p 4543580  |r 2025-04-22  |w 2019-11-15  |y BK  |k FIS